Detalles MARC
| 000 -CABECERA |
| campo de control de longitud fija |
01134nam a2200253 a 4500 |
| 001 - NÚMERO DE CONTROL |
| campo de control |
000031694 |
| 003 - IDENTIFICADOR DEL NÚMERO DE CONTROL |
| campo de control |
DO-SdBNP |
| 005 - FECHA Y HORA DE LA ÚLTIMA TRANSACCIÓN |
| campo de control |
20250306132504.0 |
| 008 - DATOS DE LONGITUD FIJA--INFORMACIÓN GENERAL |
| campo de control de longitud fija |
110630nuuuuuuuudr ab 000 | spa d |
| 040 ## - FUENTE DE LA CATALOGACIÓN |
| Centro catalogador/agencia de origen |
DO-SdBNP |
| Lengua de catalogación |
spa |
| Centro/agencia transcriptor |
BNPHU |
| 049 ## - FONDOS LOCALES (OCLC) |
| Fondos de biblioteca |
BNPD |
| 082 ## - NÚMERO DE LA CLASIFICACIÓN DECIMAL DEWEY |
| Número de clasificación |
xxx |
| Número de documento/Ítem |
M497a |
| 100 1# - ENTRADA PRINCIPAL--NOMBRE DE PERSONA |
| Nombre de persona |
Meggers, Betty J. |
| 9 (RLIN) |
57970 |
| 245 10 - MENCIÓN DE TÍTULO |
| Título |
Aspectos arqueológicos de las tierras bajas de Suramérica y las Antillas / |
| Mención de responsabilidad, etc. |
Betty J. Meggers y Clifford Evans. |
| 260 ## - PUBLICACIÓN, DISTRIBUCIÓN, ETC. |
| Lugar de publicación, distribución, etc. |
Santo Domingo : |
| Nombre del editor, distribuidor, etc. |
Centro Dominicano de Investigaciones Antropológicas, |
| Fecha de publicación, distribución, etc. |
[19--?]. |
| 300 ## - DESCRIPCIÓN FÍSICA |
| Extensión |
40 p. : |
| Otras características físicas |
il., mapas ; |
| Dimensiones |
20 cm. |
| 490 1# - MENCIÓN DE SERIE |
| Mención de serie |
Cuadernos del CENDIA |
| Designación de volumen o secuencia |
258/4 |
| 500 ## - NOTA GENERAL |
| Nota general |
Traducido del libro Ancient native Americans, editado por Jesse D. Jennings, 1978, y publicado con el permiso de W.H. Freeman and Co., San Francisco, California, USA. Traducción de Bernardo Dougherty." |
| 504 ## - NOTA DE BIBLIOGRAFÍA, ETC. |
| Nota de bibliografía, etc. |
Incluye referencias bibliográficas. |
| 700 1# - PUNTO DE ACCESO ADICIONAL--NOMBRE DE PERSONA |
| Nombre de persona |
Evans,Clifford |
| 9 (RLIN) |
57971 |
| 710 1# - PUNTO DE ACCESO ADICIONAL--NOMBRE DE ENTIDAD CORPORATIVA |
| Nombre de entidad corporativa o nombre de jurisdicción como elemento de entrada |
Universidad Autónoma de Santo Domingo |
| Unidad subordinada |
Centro Dominicano de Investigaciones Antropológicas (CENDIA) |
| 9 (RLIN) |
72951 |
| 830 #0 - PUNTO DE ACCESO ADICIONAL DE SERIE-TÍTULO UNIFORME |
| Título uniforme |
Cuadernos del CENDIA; |
| Número de parte o sección de la obra |
258/4 |
| 9 (RLIN) |
57972 |
| 942 ## - ELEMENTOS DE PUNTO DE ACCESO ADICIONAL (KOHA) |
| Fuente del sistema de clasificación o colocación |
Dewey Decimal Classification |
| Tipo de ítem Koha |
Folleto |